000 00865nam a22002657a 4500
001 8869
003 FISKH
005 20251024101945.0
008 251024b cb ||||| |||| 00| 0 eng d
020 _a9781740898317
040 _aFISKH
_beng
_cFISKH
_dFISKH
050 _aPZ7
082 _a577.73
100 _aOwen, Weldon
_eAuthor
245 _aGreat journeys /
_cRobert Coupe
260 _aSydney :
_bWeldon Owen ,
_c2008
300 _a32 pages :
_bcolor illustrations ;
_c23 cm
505 _aR
520 _aAlmost all animals make journeys. They travel over land, through the air or in rivers and seas. While some do not go far, others journey to the ends of Earth, in search of food or to find a mate.
521 8 _a750
_bLexile estimate
521 8 _aR
_bRaz-Plus
650 _aJourneys
_vAnimals
942 _2ddc
_cBK
_n0
999 _c8869
_d8869